Xà phòng và các chất tẩy giặt tổng hợp

Saved in:
Bibliographic Details
Main Author: Nguyễn Quốc Tín
Format: Book
Language:Undetermined
Published: Hà Nội KHKT 1984
Subjects:
Tags: Add Tag
No Tags, Be the first to tag this record!
Institutions: Trung tâm Học liệu Trường Đại học Cần Thơ
LEADER 00590nam a2200181Ia 4500
001 CTU_11466
008 210402s9999 xx 000 0 und d
082 |a 668.14 
082 |b T311 
100 |a Nguyễn Quốc Tín 
245 0 |a Xà phòng và các chất tẩy giặt tổng hợp 
245 0 |c Nguyễn Quốc Tín, Đỗ Phổ 
260 |a Hà Nội 
260 |b KHKT 
260 |c 1984 
650 |a chemistry, technical,cleaning compounds,detergents, synthetic 
904 |i Minh, 961023 
980 |a Trung tâm Học liệu Trường Đại học Cần Thơ